000 00306nam a2200133 i 4500
001 bg
100 1 _aŁUGOWSKI, H.
245 0 _aParadoks powstawania życia /
_cH. Ługowski.
260 _aWarszawa,
_c1987.
040 _cBPK
041 _apol
942 _cKS
008 s pl f |000 0 pol
999 _c23747
_d23747
856 _uhttp://koha.tu.koszalin.pl/cgi-bin/koha/opac-detail.pl?biblionumber=23747
_yKatalog online BPK